000 01003nam a2200313Ia 4500
003 GCL
008 140319s9999 xx 000 0 ara d
040 _aGCL /
_cGCL
082 0 4 _aق
_b962
_bع ف
100 1 _aعبدالعظيم رمضان
245 1 0 _aالفكر الثورى فى مصر قبل ثورة 23 يوليو /
_cعبدالعظيم رمضان
260 _a[S.N] :
_bمكتبة مدبولى ،
_c1982
300 _a208 ص
490 _a
650 0 4 _aالعصر الحديث
650 0 4 _aمصر
650 0 4 _aتاريخ
650 0 4 _aالاحوال الاجتماعية
650 0 4 _aالاحوال السياسية
650 0 4 _aالسودان
650 0 4 _aالاشتراكية
650 0 4 _aالثورة الثقافية
650 0 4 _aالوعى الاجتماعى
650 0 4 _aالقومية العربية
650 0 4 _aالاحتلال البريطانى
650 0 4 _aقضية فلسطين
650 0 4 _aالاخوان المسلمون
942 _2ddc
_cBK
999 _c31097
_d31097